Politics in England: An introduction (Record no. 5570)

MARC details
000 -LEADER
fixed length control field 00403nam a22001577a 4500
003 - CONTROL NUMBER IDENTIFIER
control field OSt
005 - DATE AND TIME OF LATEST TRANSACTION
control field 20210921151120.0
008 - FIXED-LENGTH DATA ELEMENTS--GENERAL INFORMATION
fixed length control field 210921b |||||||| |||| 00| 0 eng d
040 ## - CATALOGING SOURCE
Original cataloging agency HU
Transcribing agency DDC
082 ## - DEWEY DECIMAL CLASSIFICATION NUMBER
Classification number 320.42/ROS
245 ## - TITLE STATEMENT
Title Politics in England: An introduction
250 ## - EDITION STATEMENT
Edition statement Second edition
260 ## - PUBLICATION, DISTRIBUTION, ETC.
Place of publication, distribution, etc. Boston
Name of publisher, distributor, etc. Little Brown and company
Date of publication, distribution, etc. 1974
300 ## - PHYSICAL DESCRIPTION
Extent viii,446p.18cm
942 ## - ADDED ENTRY ELEMENTS (KOHA)
Source of classification or shelving scheme Dewey Decimal Classification
Koha item type Books like text book referance book
Suppress in OPAC No
Holdings
Withdrawn status Lost status Source of classification or shelving scheme Damaged status Not for loan Home library Current library Shelving location Date acquired Total Checkouts Full call number Barcode Date last seen Copy number Price effective from Koha item type
    Dewey Decimal Classification     Law & Governance lLbrary Law & Governance lLbrary General Stacks 09/21/2021   320.42/ROS LGCLIB0000103 09/21/2021 C1 09/21/2021 Books like text book referance book